000 01044cam a2200301 4500
001 WB3631-35
008 000000n2000 000 0 eng u
035 _a(Sirsi) u107685
245 _aBid to save rural life
260 _c2000
490 _aScotsman
_v7 August 2000, 18(2)
520 _aA report to be published later this year by the Scottish Landowners' Federation and Scottish Homes will call for new ways of providing affordable rented homes in the countryside. This article outlines the approach successfully adopted by the laird and owner of the Kincardine Estate.
590 _aWB
650 _aHOUSING
650 _aAffordable housing
_96215
650 _aRURAL HOUSING
650 _aSCOTLAND
650 _aLANDOWNERS
650 _aSCOTTISH LANDOWNERS' FEDERATION
650 _aSCOTTISH HOMES
650 _aRENTED HOUSING
650 _aPRIVATE RENTED ACCOMMODATION
650 _aKINCARDINE
650 _aLAND REFORM
650 _aRURAL COMMUNITIES
690 _aHOUSING-PRIVATE RENTED SECTOR
942 _n0
999 _c64329
_d64329